| 000 | 00760nam a22002057a 4500 | ||
|---|---|---|---|
| 003 | BD-DhUL | ||
| 005 | 20160906200153.0 | ||
| 008 | 160128s1996 bg ao||| |||| 000 0 ben | ||
| 040 |
_aBD-DhUL _cBD-DhUL |
||
| 082 |
_a954.92 _bMAL |
||
| 100 | 1 | 0 | _aজুলফিকার মতিন |
| 245 | 1 | 0 |
_aলক্ষ্য যেথা স্থির / _cজুলফিকার মতিন |
| 260 |
_aঢাকা : _bস্বদেশ প্রকাশনী, _c১৯৯৬. |
||
| 300 |
_a ১০৪ পৃ. ; _c ২১ সেমি |
||
| 365 |
_aটাকা _b১৫০.০০ |
||
| 500 | _aনির্ঘন্ট সংবলিত | ||
| 651 | 0 |
_aBangladesh _vHistory |
|
| 651 | 0 | _aবাংলাদেশ - ইতিহাস | |
| 942 |
_2ddc _cBK |
||
| 999 |
_c104536 _d104536 |
||